<?xml version="1.0" encoding="UTF-8"?>
<collection xmlns="http://www.loc.gov/MARC21/slim">
 <record>
  <leader>01320pam a22002538a 4500</leader>
  <controlfield tag="001">00028142</controlfield>
  <controlfield tag="005">20171026081023.0</controlfield>
  <controlfield tag="008">120220s2005                  ||||||Viesd</controlfield>
  <datafield tag="020" ind1=" " ind2=" ">
   <subfield code="c">22600</subfield>
  </datafield>
  <datafield tag="041" ind1="0" ind2="#">
   <subfield code="a">Vie</subfield>
  </datafield>
  <datafield tag="082" ind1="1" ind2="4">
   <subfield code="a">540</subfield>
   <subfield code="b">TH552T</subfield>
  </datafield>
  <datafield tag="100" ind1="1" ind2="#">
   <subfield code="a">Ngô, Sỹ Lương</subfield>
   <subfield code="e">Chủ biên</subfield>
  </datafield>
  <datafield tag="245" ind1="1" ind2="0">
   <subfield code="a">Thực tập hóa đại cương</subfield>
   <subfield code="c">Ngô sỹ Lương</subfield>
  </datafield>
  <datafield tag="250" ind1="#" ind2="#">
   <subfield code="a">In lần thứ 2</subfield>
  </datafield>
  <datafield tag="260" ind1="#" ind2="#">
   <subfield code="a">Hà Nội</subfield>
   <subfield code="b">Đại học Quốc gia Hà Nội</subfield>
   <subfield code="c">2005</subfield>
  </datafield>
  <datafield tag="300" ind1="#" ind2="#">
   <subfield code="a">225 tr.</subfield>
   <subfield code="c">21cm.</subfield>
  </datafield>
  <datafield tag="520" ind1="#" ind2="#">
   <subfield code="a">Cũng cố kiến thức lý thuyết hóa đại cương, môn học này còn nhằm mục đich hương dẫn,rèn cặp cho sinh viên bước đầu có kỹ năng thực hành hóa học nhất định...</subfield>
  </datafield>
  <datafield tag="653" ind1="#" ind2="#">
   <subfield code="a">Hóa đại cương</subfield>
  </datafield>
  <datafield tag="852" ind1="#" ind2="#">
   <subfield code="b">Kho giáo trình</subfield>
   <subfield code="j">KGT.0034147, KGT.0034148, KGT.0034149, KGT.0034150, KGT.0034151, KGT.0034152, KGT.0034153, KGT.0034154, KGT.0034155, KGT.0034156</subfield>
  </datafield>
  <datafield tag="852" ind1="#" ind2="#">
   <subfield code="b">Kho mượn</subfield>
   <subfield code="j">KGT.0034147</subfield>
  </datafield>
  <datafield tag="852" ind1="#" ind2="#">
   <subfield code="b">Kho đọc</subfield>
   <subfield code="j">KD.0012461</subfield>
  </datafield>
  <datafield tag="852" ind1="#" ind2="#">
   <subfield code="j">KGT.0034148</subfield>
   <subfield code="j">KGT.0034149</subfield>
   <subfield code="j">KGT.0034151</subfield>
   <subfield code="j">KGT.0034152</subfield>
   <subfield code="j">KGT.0034154</subfield>
   <subfield code="j">KGT.0034155</subfield>
   <subfield code="j">KD.0012461</subfield>
   <subfield code="j">KGT.0034147</subfield>
   <subfield code="j">KGT.0034150</subfield>
   <subfield code="j">KGT.0034153</subfield>
   <subfield code="j">KGT.0034156</subfield>
  </datafield>
  <datafield tag="910" ind1="0" ind2="#">
   <subfield code="a">TRUNG</subfield>
   <subfield code="d">20/02/2012</subfield>
  </datafield>
  <datafield tag="980" ind1="#" ind2="#">
   <subfield code="a">Trung tâm Học liệu Lê Vũ Hùng, Trường Đại học Đồng Tháp</subfield>
  </datafield>
 </record>
</collection>
